00869 2200229 4500001002100000005001700021008004100038035002400079082001200103090002300115100003000138245021800168260002700386300002900413500010800442500002900550650002100579850000900600985000600609986000900615999001500624YOGYA-0209000007221920090227093616.0 ind  0010-020900000072219 a617.601 a617.601bSia FlSK aSIANTURI, Triany Gusmiana aFaktor faktor yang mempengaruhi kecemasan dan ketakutan pasien dalam memnghadapi perawatan gigib(kajian di Poliklinik gigi puskesmas Kotamadya Yogyakarta,Daerah Istimewa Yogyakarta)coleh Triany Gusmiana Sianturi aYogyakartb[s.n]c1993 axii,52lembarbilusc30cm aSkripsi Departemen Pendidikan Dan Kebudayaan UniversitasGadjah Mada fakultas Kedokteran Gigi Yogyakarta aBibliografi:lembar 36-38 aGigi - Perawatan aBPAD a1 aheru a08A0036028